Bonnie - Bonnie & Clyde The Musical - Lyrics - Statistics

General Stats
  • This quiz has been taken 26 times
  • The average score is 125 of 168
Answer Stats
Answer % Correct
a
100%
And
100%
be
100%
best
100%
Bonnie
100%
ever
100%
I
100%
in
100%
my
100%
that
100%
That
100%
the
100%
'bout
93%
had
93%
is
93%
love,
93%
love
93%
mirror
93%
She
93%
thinkin'
93%
to
93%
cup
86%
feel
86%
feelin'
86%
Feelin'
86%
start
86%
coffee
79%
From
79%
girl
79%
goin'
79%
her
79%
I'm
79%
I've
79%
minute
79%
or
79%
shavin'
79%
up
79%
wake
79%
When
79%
again
71%
am
71%
behind
71%
car
71%
drive
71%
else
71%
if
71%
mad
71%
makin'
71%
must
71%
wheel
71%
with
71%
better
64%
But
64%
care
64%
don't
64%
got
64%
Got
64%
happy
64%
James
64%
only
64%
Only
64%
pen
64%
Tell
64%
tell
64%
than
64%
there
64%
beats
57%
countin'
57%
dreamin'
57%
for
57%
kissed
57%
never
57%
of
57%
sat
57%
sheep
57%
sorry
57%
sure
57%
way
57%
write
57%
are
50%
as
50%
asleep
50%
'Cause
50%
dreams
50%
girl's
50%
good
50%
he's
50%
like
50%
Nothin'
50%
Now
50%
scares
50%
somethin'
50%
soon
50%
Used
50%
would
50%
ahead
43%
bed
43%
Just
43%
kind
43%
times
43%
Can't
36%
come
36%
How
36%
keep
36%
missed
36%
much
36%
piece
36%
that's
36%
They're
36%
wait
36%
you
36%
your
36%
Cagney
29%
luck
29%
No matching quizzes found
Score Distribution
Percent of People with Each Score
Percentile by Number Answered
Your Score History
You have not taken this quiz